Catalog

Record Details

Catalog Search



Antimicrobial Resistance and Implications for the Twenty-First Century Cover Image E-book E-book

Antimicrobial Resistance and Implications for the Twenty-First Century [electronic resource] / edited by I. W. Fong, Karl Drlica.

Fong, I. W. (editor.). Drlica, Karl. (editor.). SpringerLink (Online service) (Added Author).

Record details

  • ISBN: 9780387724188
  • Physical Description: online resource.
  • Publisher: Boston, MA : Springer US, 2008.
Subject: Medicine.
Immunology.
Medical virology.
Emerging infectious diseases.
Epidemiology.
Microbiology.
Biomedicine.
Immunology.
Infectious Diseases.
Microbiology.
Virology.
Epidemiology.
Public Health/Gesundheitswesen.

Electronic resources


LDR 01710nam a22004935i 4500
00110208
003CONS
00520131216174508.0
007cr nn 008mamaa
008100301s2008 xxu| s |||| 0|eng d
020 . ‡a9780387724188 ‡9978-0-387-72418-8
0247 . ‡a10.1007/978-0-387-72418-8 ‡2doi
035 . ‡a(DE-He213)978-0-387-72418-8
050 4. ‡aQR180-189.5
072 7. ‡aMJCM ‡2bicssc
072 7. ‡aMED044000 ‡2bisacsh
1001 . ‡aFong, I. W. ‡eeditor.
24510. ‡aAntimicrobial Resistance and Implications for the Twenty-First Century ‡h[electronic resource] / ‡cedited by I. W. Fong, Karl Drlica.
264 1. ‡aBoston, MA : ‡bSpringer US, ‡c2008.
300 . ‡bonline resource.
336 . ‡atext ‡btxt ‡2rdacontent
337 . ‡acomputer ‡bc ‡2rdamedia
338 . ‡aonline resource ‡bcr ‡2rdacarrier
347 . ‡atext file ‡bPDF ‡2rda
4901 . ‡aEmerging Infectious Diseases of the 21st Century
650 0. ‡aMedicine.
650 0. ‡aImmunology.
650 0. ‡aMedical virology.
650 0. ‡aEmerging infectious diseases.
650 0. ‡aEpidemiology.
650 0. ‡aMicrobiology.
65014. ‡aBiomedicine.
65024. ‡aImmunology.
65024. ‡aInfectious Diseases.
65024. ‡aMicrobiology.
65024. ‡aVirology.
65024. ‡aEpidemiology.
65024. ‡aPublic Health/Gesundheitswesen.
7001 . ‡aDrlica, Karl. ‡eeditor.
7102 . ‡aSpringerLink (Online service)
7730 . ‡tSpringer eBooks
77608. ‡iPrinted edition: ‡z9780387724171
830 0. ‡aEmerging Infectious Diseases of the 21st Century
85640. ‡uhttp://biblioteca.ipicyt.edu.mx:2048/login?url=http://dx.doi.org/10.1007/978-0-387-72418-8 ‡yTexto completo ‡9CONS
950 . ‡aBiomedical and Life Sciences (Springer-11642)
901 . ‡a10208 ‡b ‡c10208 ‡tbiblio ‡sSystem Local

Additional Resources